झळ (Record no. 74081)

MARC details
000 -LEADER
fixed length control field 00441nam a2200181Ia 4500
008 - FIXED-LENGTH DATA ELEMENTS--GENERAL INFORMATION
fixed length control field 090123s9999 xx 000 0 und d
082 ## - DEWEY DECIMAL CLASSIFICATION NUMBER
Item number 36013
100 ## - MAIN ENTRY--PERSONAL NAME
Personal name जाधव सतीश
245 ## - TITLE STATEMENT
Title झळ
250 ## - EDITION STATEMENT
Edition statement 0
260 ## - PUBLICATION, DISTRIBUTION, ETC. (IMPRINT)
Name of publisher, distributor, etc शब्द प्रकाशन
Date of publication, distribution, etc 2003
300 ## - PHYSICAL DESCRIPTION
Extent 195
600 ## - SUBJECT ADDED ENTRY--PERSONAL NAME
Personal name जाधव सतीश
630 ## - SUBJECT ADDED ENTRY--UNIFORM TITLE
Uniform title झळ
700 ## - ADDED ENTRY--PERSONAL NAME
Personal name जाधव सतीश
730 ## - ADDED ENTRY--UNIFORM TITLE
Uniform title झळ
942 ## - ADDED ENTRY ELEMENTS (KOHA)
Koha item type Book
Holdings
Withdrawn status Lost status Damaged status Not for loan Home library Current library Date acquired Cost, normal purchase price Total Checkouts Full call number Barcode Date last seen Cost, replacement price Price effective from Koha item type
        Jawahar Wachalanalaya, Kalwa Jawahar Wachalanalaya, Kalwa 03/31/2003 150.00   36013 KLW-36013 01/23/2009 150.00 01/23/2009 Book